| 000 | 00534 a2200181 4500 | ||
|---|---|---|---|
| 005 | 20241202152429.0 | ||
| 010 | _aB-761315 | ||
| 020 |
_a9789364688048 _c290.00 |
||
| 035 | _aB-761315 | ||
| 037 | _bGift/28.11.24 | ||
| 082 | _a343 | ||
| 245 |
_aS. Chand's Cyber Sync 4; _bTowards Technology Windows 10 MS Office 2019/ |
||
| 260 |
_aU.P. _bS. Chand's _c2023 |
||
| 270 | _aU. P. | ||
| 300 |
_a120 p. _c27cm (Pb) |
||
| 942 |
_adpl _cCH _2ddc _h343 _mCYB |
||
| 999 |
_c207310 _d207310 |
||